[Event "BEL-ch U14"]
[Site "Blankenberge"]
[Date "2014.04.13"]
[Round "1"]
[White "De Borggraef, Leon"]
[Black "De Clercq, Maxim"]
[Result "1-0"]
[WhiteElo "1588"]
[BlackElo "910"]
[PlyCount "47"]
[EventDate "2014.04.??"]
[EventType "swiss"]
[EventRounds "9"]
[EventCountry "BEL"]
[SourceTitle "EXT 2015"]
[Source "ChessBase"]
[SourceDate "2014.11.20"]
[SourceVersion "1"]
[SourceVersionDate "2014.11.20"]
[SourceQuality "1"]

1. e4 e5 2. Bc4 Nf6 3. d4 Nc6 4. Nf3 Nxe4 5. dxe5 Bc5 6. 0-0 d6 7. exd6 cxd6 8. Bxf7+ Kf8 9. Bd5 Bf5 10. Re1 Bxf2+ 11. Kh1 Bxe1 12. Qxe1 Nb4 13. Bxe4 Bxe4 14. Qxe4 Nc6 15. Bg5 d5 16. Qf5+ Qf6 17. Bxf6 gxf6 18. Qxf6+ Kg8 19. Nc3 Re8 20. Qg5+ Kf8 21. Nxd5 h6 22. Qf6+ Kg8 23. Rf1 Kh7 24. Qf7# 1-0